| 000 -ლიდერი |
| ფიქსირებული სიგრძის საკონტროლო ველი |
01086nam a2200217Ia 4500 |
| 001 - საკონტროლო ნომერი |
| საკონტროლო ველი |
3828 |
| 003 - საკონტროლო ნომრის იდენტიფიკატორი |
| საკონტროლო ველი |
GE_BSU |
| 005 - ბოლო ოპერაციის თარიღი და დრო |
| საკონტროლო ველი |
20190816164655.0 |
| 008 - ფიქსირებული სიგრძის მონაცემთა ელემენტები - ზოგადი ინფორმაცია |
| ფიქსირებული სიგრძის საკონტროლო ველი |
181216s1975||||ge |||||||||||||| ||geo|| |
| 040 ## - კატალოგიზაციის წყარო |
| Transcribing agency |
GE_BSU |
| 041 ## - ენის კოდი |
| Language code of text/sound track or separate title |
geo |
| 080 ## - უნივერსალური ათობითი კლასიფიკაციის ინდექსი |
| Universal Decimal Classification number |
316.61+101.81 ც–66 |
| 100 ## - მთავარი ჩანაწერი - პიროვნების სახელი |
| Personal name |
ცინცაძე, გიორგი |
| 9 (RLIN) |
3588 |
| 245 ## - ცნობა სათაურის შესახებ |
| Title |
გაგების მეთოდი ფილოსოფიაში და პიროვნების პრობლემა / |
| Statement of responsibility, etc |
გიორგი ცინცაძე ; რედ. ა. ბეგიაშვილი; საქ. სსრ. მეცნ. აკად. ფილოსოფიის ინ–ტი. |
| 264 ## - წარმოების, გამოცემის, დისტრიბუციის და სხვა ცნობები |
| გამოცემის, წარმოების, დისტრიბუციის... ადგილი |
თბ. : |
| გამოცემის, წარმოების, დისტრიბუციის... სახელწოდება |
მეცნიერება, |
| გამოცემის, წარმოების, დისტრიბუციის... თარიღი |
1975. |
| 300 ## - ფიზიკური აღწერა |
| Extent |
348 გვ.; |
| Other physical details |
22 სმ. |
| 653 ## - INDEX TERM--UNCONTROLLED |
| Uncontrolled term |
პიროვნების სოციოლოგია |
| 700 ## - ADDED ENTRY--PERSONAL NAME |
| Personal name |
ბეგიაშვილი, ა. |
| Relator term |
რედაქტორი |
| 9 (RLIN) |
3663 |
| 710 ## - ADDED ENTRY--CORPORATE NAME |
| Corporate name or jurisdiction name as entry element |
საქ. სსრ. მეცნ. აკად. ფილოსოფიის ინ–ტი. |
| 9 (RLIN) |
3664 |
| 942 ## - ADDED ENTRY ELEMENTS (KOHA) |
| Koha item type |
წიგნი |
| Source of classification or shelving scheme |
|